000 00284nam a2200133 4500
008 190521s ||||xo d
245 1 0 _aChlieb náš každodenný
260 _bIn network
250 _a1.vydanie
020 _c0
041 1 _aslo
044 _axo
_cSK
958 _aAUL
999 _c22422
_d22422